• 首页
  • 本馆介绍
  • 公告通知
  • 最新文献
  • 馆藏检索
  • 电子资源
  • 读者导购
  • 参考咨询
  • 我的图书馆
  • 登录
  • 详细信息显示
  • 放入我的书架
  • 预约/预借图书
  • 作者相关作品
  • 分类相关作品
  • 丛书相关作品
  • 出版社相关作品

书目信息

  • 表格格式
  • 工作单格式
  • 卡片格式
题名:
英才教育
    
 
作者: 戴维斯 , 里姆 著 ;杨庭郊 译
分册:  
出版信息: 北京   新华出版社  1992.10
页数: 500页
开本: 19cm
丛书名:
单 册:
中图分类: G763
科图分类: 39.55
主题词: 天才教育
电子资源:
ISBN: 7-5011-1732-2
000 01042nam0 2200301 45
001 1573015166
005 20150130201718.60
010    @a7-5011-1732-2@dCNY8.30
092    @a社科307-171
100    @a19930104d1992 em y0chiy0121 ea
101 1  @achi@ceng
102    @aCN@b110000
105    @ay z 000yy
200 10 @a英才教育@AYING CAI JIAO YU@f(美)戴维斯,(美)里 姆著@F( MEI ) DAI WEI SI ,( MEI ) LI MU ZHU@g杨庭郊等译
210    @a北京@c新华出版社@d1992.10
215    @a500页@d19cm
314    @aG·A·戴维斯,美国教育学家
314    @aS·B·里姆,美国教育心理学家
330    @a本书从哲学、心理学与教育学角度,介绍了英才教育领域的理论与实践,包括英才教育的目的宗旨、基本原理、历史与现状、英才的特征与识别、特殊教学计划的实施战略与评估等。
540 1  @a英才教育@AYING CAI JIAO YU
606    @a天才教育
690    @aG763@v三版
692    @a39.55
701  1 @a戴维斯@ADAI WEI SI@bG.A.@4著
701  1 @a里姆@ALI MU@bS.B.@4著
702  0 @a杨庭郊@AYANG TING JIAO@4译
801  0 @aCN@bTSSF@c20150130
905    @aZUCC@dG763@eJY4
    
    英才教育/(美)戴维斯,(美)里 姆著/杨庭郊等译.-北京:新华出版社,1992.10
    500页;19cm
    
    
    ISBN 7-5011-1732-2:CNY8.30
    本书从哲学、心理学与教育学角度,介绍了英才教育领域的理论与实践,包括英才教育的目的宗旨、基本原理、历史与现状、英才的特征与识别、特殊教学计划的实施战略与评估等。
●
相关链接 在E读中查询图书 在五车中查询图书 在当当中查询图书 在豆瓣中查询图书


正题名:英才教育     索取号:G763/JY4         预约/预借

序号 登录号 条形码 馆藏地/架位号 状态 备注
1 7858728   278587281   学院路分馆/ [索取号:G763/JY4] 在馆    
唐山师范学院图书馆 欢迎您!
大连网信软件有限公司© 版权所有